| 000 | 01211cam a2200217 4500 | ||
|---|---|---|---|
| 001 | WB3801-43 | ||
| 008 | 011219n2001 000 0 eng u | ||
| 035 | _a(Sirsi) u116074 | ||
| 245 | _aModernising land and property markets | ||
| 260 | _c2001 | ||
| 490 |
_aLord Chancellor's Department Press Release _v(434/01) 12 December 2001, (2) |
||
| 520 | _aThe Lord Chancellor, Lord Irvine has unveiled government's response to the Land Registry's Quinquennial Review published in June. Plans to modernise the land and property markets will be undertaken, designed to benefit both homebuyers and businesses by making the market more transparent and simpler to use. The government, with the help of the Land Registry, has decided upon a number of schemes, including extending the Land Register and creating a new independent adjudication service for land registration disputes. Further information can be obtained from the Land Registry website (www.landreg.gov.uk - see What's New?) | ||
| 590 | _aWB | ||
| 650 | _aHM LAND REGISTRY | ||
| 650 | _aNATIONAL LAND INFORMATION SERVICE | ||
| 650 | _aLORD CHANCELLORS DEPARTMENT | ||
| 650 | _aCONVEYANCING | ||
| 650 | _aREFORM | ||
| 690 | _aPROPERTY | ||
| 942 | _n0 | ||
| 999 |
_c69145 _d69145 |
||